000 00310nam a22001337a 4500
008 170315b xxu||||| |||| 00| 0 eng d
020 _a9780803622562
041 _aeng
080 _26TH
_a611
100 _a7
101 _aSHM
245 _aESSENTIALS OF ANATOMY AND PHYSIOLOGY
_cSCANLON, V.C
942 _2udc
_cBK
999 _c7914
_d7914